[Event "Memorial Zita 2019"]
[Site "Prague"]
[Date "2019.06.27"]
[Round "7.2"]
[White "Fedorov, Evgueny"]
[Black "Neckar, Lubomir"]
[Result "1-0"]
[WhiteElo "2250"]
[BlackElo "2285"]
[Annotator "NA"]
[PlyCount "145"]
[EventDate "2019.06.23"]
[EventType "tourn"]
[EventCountry "CZE"]
[SourceTitle "playchess.com"]
[Source "ChessBase"]
[SourceQuality "1"]
[TimeControl "5400+30"]

1. e4 {[%emt 1:30:30]} Nf6 {[%emt 1:30:30]} 2. e5 {[%emt 0:00:30]} Nd5 {[%emt 0:00:30]} 3. d4 {[%emt 0:00:30]} d6 {[%emt 0:00:30]} 4. c4 {[%emt 0:00:30]} Nb6 {[%emt 0:00:30]} 5. exd6 {[%emt 0:00:30]} cxd6 {[%emt 0:00:30]} 6. Nc3 {[%emt 0:00:30]} g6 {[%emt 0:00:30]} 7. Be3 {[%emt 0:00:30]} Bg7 {[%emt 0:00:30]} 8. Rc1 {[%emt 0:00:30]} O-O {[%emt 0:00:30]} 9. b3 {[%emt 0:00:30]} e5 {[%emt 0:00:30]} 10. dxe5 {[%emt 0:00:30]} dxe5 {[%emt 0:00:30]} 11. Qxd8 {[%emt 0:00:30]} Rxd8 {[%emt 0:00:30]} 12. c5 {[%emt 0:00:30]} N6d7 {[%emt 0:00:30]} 13. Bc4 {[%emt 0:00:30]} Nc6 {[%emt 0:00:30]} 14. Nf3 {[%emt 0:00:30]} Na5 {[%emt 0:00:30]} 15. Be2 {[%emt 0:00:30]} b6 {[%emt 0:00:30]} 16. Na4 {[%emt 0:00:30]} bxc5 {[%emt 0:00:30]} 17. Nxc5 {[%emt 0:00:30]} Nb6 {[%emt 0:00:30]} 18. O-O {[%emt 0:00:30]} Nd5 {[%emt 0:00:30]} 19. Rfd1 {[%emt 0:00:30]} Bg4 {[%emt 0:00:30]} 20. Bg5 {[%emt 0:00:30]} Nf4 {[%emt 0:00:30]} 21. Rxd8+ {[%emt 0:00:30]} Rxd8 {[%emt 0:00:30]} 22. Ba6 {[%emt 0:00:30]} Rb8 {[%emt 0:00:30]} 23. Nd2 {[%emt 0:00:30]} h6 {[%emt 0:00:30]} 24. Bxf4 {[%emt 0:00:30]} exf4 {[%emt 0:00:30]} 25. Nde4 {[%emt 0:00:30]} Rb6 {[%emt 0:00:30]} 26. Bf1 {[%emt 0:00:30]} Nb7 {[%emt 0:00:30]} 27. Nxb7 {[%emt 0:00:30]} Rxb7 {[%emt 0:00:30]} 28. h3 {[%emt 0:00:30]} Be6 {[%emt 0:00:30]} 29. Bc4 {[%emt 0:00:30]} Rc7 {[%emt 0:00:30]} 30. Rc2 {[%emt 0:00:30]} Kf8 {[%emt 0:00:30]} 31. Nd6 {[%emt 0:00:30]} Rc6 {[%emt 0:00:30]} 32. Rd2 {[%emt 0:00:30]} Be5 {[%emt 0:00:30]} 33. Bxe6 {[%emt 0:00:30]} Rxd6 {[%emt 0:00:30]} 34. Bd5 {[%emt 0:00:30]} Bc3 {[%emt 0:00:30]} 35. Rd3 {[%emt 0:00:30]} Bb4 {[%emt 0:00:30]} 36. Kf1 {[%emt 0:00:30]} g5 {[%emt 0:00:30]} 37. Ke2 {[%emt 0:00:30]} f5 {[%emt 0:00:30]} 38. Kd1 {[%emt 0:00:30]} Bc5 {[%emt 0:00:30]} 39. f3 {[%emt 0:00:30]} Ra6 {[%emt 0:00:30]} 40. a4 {[%emt 0:00:30]} Rd6 {[%emt 0:00:30]} 41. Kc2 {[%emt 0:00:30]} a5 {[%emt 0:00:30]} 42. Kc3 {[%emt 0:00:30]} Bb4+ {[%emt 0:00:30]} 43. Kd4 {[%emt 0:00:30]} Ke7 {[%emt 0:00:30]} 44. Ke5 {[%emt 0:00:30]} Rf6 {[%emt 0:00:30]} 45. Bc4 {[%emt 0:00:30]} Rd6 {[%emt 0:00:30]} 46. Rxd6 {[%emt 0:00:30]} Bxd6+ {[%emt 0:00:30]} 47. Kxf5 {[%emt 0:00:30]} Bc5 {[%emt 0:00:30]} 48. Kg6 {[%emt 0:00:30]} Bf2 {[%emt 0:00:30]} 49. Kxh6 {[%emt 0:00:30]} Bh4 {[%emt 0:00:30]} 50. Kg6 {[%emt 0:00:30]} Kd6 {[%emt 0:00:30]} 51. Kf5 {[%emt 0:00:30]} Kc5 {[%emt 0:00:30]} 52. Ke4 {[%emt 0:00:30]} Kb4 {[%emt 0:00:30]} 53. Kd5 {[%emt 0:00:30]} Bf2 {[%emt 0:00:30]} 54. Ke5 {[%emt 0:00:30]} Kc3 {[%emt 0:00:30]} 55. Kf5 {[%emt 0:00:30]} Bh4 {[%emt 0:00:30]} 56. Kg4 {[%emt 0:00:30]} Kd4 {[%emt 0:00:30]} 57. Be6 {[%emt 0:00:30]} Ke5 {[%emt 0:00:30]} 58. Bg8 {[%emt 0:00:30]} Kd4 {[%emt 0:00:30]} 59. Bc4 {[%emt 0:00:30]} Kc3 {[%emt 0:00:30]} 60. Bf7 {[%emt 0:00:30]} Kd4 {[%emt 0:00:30]} 61. Bg8 {[%emt 0:00:30]} Kc5 {[%emt 0:00:30]} 62. Bf7 {[%emt 0:00:30]} Kd4 {[%emt 0:00:30]} 63. Bc4 {[%emt 0:00:30]} Kc5 {[%emt 0:00:30]} 64. Bb5 {[%emt 0:00:30]} Kd4 {[%emt 0:00:30]} 65. Ba6 {[%emt 0:00:30]} Kc3 {[%emt 0:00:30]} 66. Bc4 {[%emt 0:00:30]} Kd4 {[%emt 0:00:30]} 67. Bf1 {[%emt 0:00:30]} Ke3 {[%emt 0:00:30]} 68. Ba6 {[%emt 0:00:30]} Kd4 {[%emt 0:00:30]} 69. Bf1 {[%emt 0:00:30]} Ke3 {[%emt 0:00:30]} 70. b4 {[%emt 0:00:30]} axb4 {[%emt 0:00:30]} 71. a5 {[%emt 0:00:30]} b3 {[%emt 0:00:30]} 72. Bc4 {[%emt 0:00:30]} b2 {[%emt 0:00:30]} 73. Ba2 {[%emt 0:00:30]} 1-0

[Event "Memorial Zita 2019"]
[Site "Prague"]
[Date "2019.06.27"]
[Round "7.3"]
[White "Kiss, Pal"]
[Black "Pribylova, Sofie"]
[Result "1/2-1/2"]
[WhiteElo "2278"]
[BlackElo "2069"]
[Annotator "NA"]
[PlyCount "98"]
[EventDate "2019.06.23"]
[EventType "tourn"]
[EventCountry "CZE"]
[SourceTitle "playchess.com"]
[Source "ChessBase"]
[SourceQuality "1"]
[TimeControl "5400+30"]

1. d4 {[%emt 0:00:00]} Nf6 {[%emt 0:00:00]} 2. c4 {[%emt 0:00:02]} c5 {[%emt 0:00:17]} 3. d5 {[%emt 0:00:42]} b5 {[%emt 0:00:14]} 4. cxb5 {[%emt 0:01:12]} a6 {[%emt 0:00:10]} 5. bxa6 {[%emt 0:00:50]} g6 {[%emt 0:00:18]} 6. Nc3 {[%emt 0:00:29]} Bg7 {[%emt 0:00:07]} 7. Nf3 {[%emt 0:03:52]} O-O {[%emt 0:00:24]} 8. e4 {[%emt 0:00:52]} Qa5 {[%emt 0:00:25]} 9. Bd2 {[%emt 0:03:58]} Bxa6 {[%emt 0:00:29]} 10. Bxa6 {[%emt 0:16:08]} Qxa6 {[%emt 0:00:15]} 11. Qe2 {[%emt 0:01:41]} e6 {[%emt 0:00:48]} 12. dxe6 {[%emt 0:16:08]} fxe6 {[%emt 0:03:18]} 13. Qxa6 {[%emt 0:06:23]} Nxa6 {[%emt 0:01:02]} 14. O-O {[%emt 0:02:17]} Rfb8 {[%emt 1:29:13]} 15. b3 {[%emt 0:04:06]} Nb4 {[%emt 0:00:00]} 16. Bf4 {[%emt 0:08:38]} Rb7 {[%emt 0:00:00]} 17. e5 {[%emt 0:04:13]} Nfd5 {[%emt 0:00:00]} 18. Nxd5 {[%emt 0:01:37]} exd5 {[%emt 0:00:00]} 19. Rfd1 {[%emt 0:04:57]} d4 {[%emt 0:00:00]} 20. Nd2 {[%emt 0:16:00]} Nd5 {[%emt 0:00:00]} 21. g3 {[%emt 0:01:20]} Nc3 {[%emt 0:00:00]} 22. Re1 {[%emt 0:00:21]} Rxa2 {[%emt 0:00:00]} 23. Rxa2 {[%emt 0:00:12]} Nxa2 {[%emt 0:00:00]} 24. Ra1 {[%emt 0:00:54]} Nc3 {[%emt 0:00:00]} 25. Kg2 {[%emt 0:00:09]} h6 {[%emt 0:00:00]} 26. h4 {[%emt 0:00:18]} Ne2 {[%emt 0:00:00]} 27. Kf3 {[%emt 0:00:32]} Nxf4 {[%emt 0:00:00]} 28. gxf4 {[%emt 0:01:49]} Kf7 {[%emt 0:00:00]} 29. Ke4 {[%emt 0:00:17]} Bf8 {[%emt 0:00:00]} 30. Ra6 {[%emt 0:00:33]} h5 {[%emt 0:00:19]} 31. f5 {[%emt 0:00:23]} gxf5+ {[%emt 0:00:19]} 32. Kxf5 {[%emt 0:00:02]} Be7 {[%emt 0:00:23]} 33. Rh6 {[%emt 0:01:09]} Bxh4 {[%emt 0:01:18]} 34. Rxh5 {[%emt 0:00:02]} Bxf2 {[%emt 0:01:16]} 35. Ne4 {[%emt 0:01:37]} Rxb3 {[%emt 0:00:19]} 36. Rh7+ {[%emt 0:00:49]} Kf8 {[%emt 0:03:32]} 37. Rxd7 {[%emt 0:00:27]} c4 {[%emt 0:00:37]} 38. Nxf2 {[%emt 0:02:54]} Rf3+ {[%emt 0:00:05]} 39. Ke6 {[%emt 0:00:05]} Rxf2 {[%emt 0:00:14]} 40. Rd8+ {[%emt 0:00:08]} Kg7 {[%emt 0:00:04]} 41. Rxd4 {[%emt 0:00:08]} c3 {[%emt 0:01:03]} 42. Rc4 {[%emt 0:00:31]} c2 {[%emt 0:00:20]} 43. Ke7 {[%emt 0:01:07]} Re2 {[%emt 0:02:54]} 44. e6 {[%emt 0:00:08]} Kg6 {[%emt 0:00:27]} 45. Rc5 {[%emt 0:00:20]} Kg7 {[%emt 0:01:37]} 46. Kd7 {[%emt 0:01:20]} Kf6 {[%emt 0:00:23]} 47. Rc6 {[%emt 0:00:25]} Rd2+ {[%emt 0:00:42]} 48. Ke8 {[%emt 0:00:21]} c1=Q {[%emt 0:00:20]} 49. Rxc1 {[%emt 0:00:10]} Kxe6 {[%emt 0:00:02]} 1/2-1/2

[Event "Memorial Zita 2019"]
[Site "Prague"]
[Date "2019.06.27"]
[Round "7.4"]
[White "Novy, Filip"]
[Black "Semenova, Elena"]
[Result "0-1"]
[WhiteElo "2170"]
[BlackElo "2255"]
[Annotator "NA"]
[PlyCount "45"]
[EventDate "2019.06.23"]
[EventType "tourn"]
[EventCountry "CZE"]
[SourceTitle "playchess.com"]
[Source "ChessBase"]
[SourceQuality "1"]
[TimeControl "5400+30"]

1. e4 {[%emt 0:00:00]} e5 {[%emt 0:00:00]} 2. f4 {[%emt 0:00:00]} d5 {[%emt 0:00:21]} 3. exd5 {[%emt 0:01:03]} exf4 {[%emt 0:00:15]} 4. Nf3 {[%emt 0:00:23]} Nf6 {[%emt 0:00:37]} 5. Bb5+ {[%emt 0:00:26]} Bd7 {[%emt 0:13:45]} 6. Bxd7+ {[%emt 0:02:16]} Nbxd7 {[%emt 0:00:25]} 7. O-O {[%emt 0:00:31]} Be7 {[%emt 0:03:40]} 8. c4 {[%emt 0:01:40]} h6 {[%emt 0:03:53]} 9. Nc3 {[%emt 0:02:57]} O-O {[%emt 0:03:44]} 10. d4 {[%emt 0:05:44]} g5 {[%emt 0:01:45]} 11. h4 {[%emt 0:04:10]} Ne8 {[%emt 0:07:26]} 12. hxg5 {[%emt 0:08:17]} hxg5 {[%emt 0:00:33]} 13. g3 {[%emt 0:00:20]} fxg3 {[%emt 0:09:05]} 14. Ne4 {[%emt 0:00:44]} f6 {[%emt 0:05:40]} 15. Nxg3 {[%emt 0:01:13]} Ng7 {[%emt 0:00:41]} 16. Qd3 {[%emt 0:04:20]} f5 {[%emt 0:02:27]} 17. Bd2 {[%emt 0:07:04]} f4 {[%emt 0:04:41]} 18. Ne4 {[%emt 0:04:13]} Rf5 {[%emt 0:07:11]} 19. Rae1 {[%emt 0:01:13]} Qf8 {[%emt 0:01:30]} 20. Nf2 {[%emt 0:07:07]} Nf6 {[%emt 0:05:55]} 21. Re5 {[%emt 0:14:40]} Nfh5 {[%emt 0:03:34]} 22. Ng4 {[%emt 0:03:07]} Kh8 {[%emt 0:05:03]} 23. Rfe1 {[%emt 0:08:18]} 0-1

[Event "Memorial Zita 2019"]
[Site "Prague"]
[Date "2019.06.27"]
[Round "7.5"]
[White "Vokoun, Jan"]
[Black "Frolov, Artur"]
[Result "1/2-1/2"]
[WhiteElo "2072"]
[BlackElo "2453"]
[Annotator "ChessBase"]
[PlyCount "151"]
[EventDate "2019.06.23"]
[EventType "tourn"]
[EventCountry "CZE"]
[SourceTitle "playchess.com"]
[Source "ChessBase"]
[SourceQuality "1"]
[TimeControl "5400+30"]

1. Nf3 {[%emt 0:00:00]} Nf6 {[%emt 0:00:00]} 2. c4 {[%emt 0:00:00]} g6 {[%emt 0:00:00]} 3. Nc3 {[%emt 0:00:06]} Bg7 {[%emt 0:00:01]} 4. g3 {[%emt 0:00:10]} O-O {[%emt 0:01:11]} 5. Bg2 {[%emt 0:00:13]} d6 {[%emt 0:00:08]} 6. d4 {[%emt 0:03:42]} Nbd7 {[%emt 0:00:06]} 7. O-O {[%emt 0:00:09]} e5 {[%emt 0:00:03]} 8. Qc2 {[%emt 0:00:12]} c6 {[%emt 0:05:37]} 9. Rd1 {[%emt 0:02:13]} Qc7 {[%emt 0:00:47]} 10. b3 {[%emt 0:00:30]} Re8 {[%emt 0:00:15]} 11. Ba3 {[%emt 0:06:02]} e4 {[%emt 0:08:00]} 12. Ne1 {[%emt 0:01:06]} e3 {[%emt 0:03:54]} 13. fxe3 {[%emt 0:06:12]} Ng4 {[%emt 0:01:29]} 14. Bc1 {[%emt 0:01:51]} Nxe3 {[%emt 0:04:16]} 15. Bxe3 {[%emt 0:00:05]} Rxe3 {[%emt 0:00:03]} 16. Rd3 {[%emt 0:26:24]} Re7 {[%emt 0:02:07]} 17. Qd2 {[%emt 0:05:28]} Nf6 {[%emt 0:06:07]} 18. Qf4 {[%emt 0:02:54]} Bf5 {[%emt 0:07:32]} 19. e4 {[%emt 0:04:39]} Rae8 {[%emt 0:01:28]} 20. exf5 {[%emt 0:00:11]} Rxe1+ {[%emt 0:00:04]} 21. Rxe1 {[%emt 0:00:05]} Rxe1+ {[%emt 0:00:04]} 22. Kf2 {[%emt 0:00:08]} Qe7 {[%emt 0:09:12]} 23. Bf3 {[%emt 0:10:10]} gxf5 {[%emt 0:08:13]} 24. Qxf5 {[%emt 0:00:49]} Bh6 {[%emt 0:00:39]} 25. Kg2 {[%emt 0:23:07]} Rc1 {[%emt 0:19:04]} 26. Ne4 {[%emt 0:03:08]} Rc2+ {[%emt 0:01:38]} 27. Kh1 {[%emt 0:00:51]} Kg7 {[%emt 0:09:22]} 28. Qxf6+ {[%emt 0:03:35]} Qxf6 {[%emt 0:00:04]} 29. Nxf6 {[%emt 0:00:00]} Kxf6 {[%emt 0:00:03]} 30. a4 {[%emt 0:00:00]} Bg5 {[%emt 0:02:26]} 31. Kg1 {[%emt 0:00:00]} h6 {[%emt 0:02:05]} 32. h4 {[%emt 0:00:00]} Bd2 {[%emt 0:01:02]} 33. Be4 {[%emt 0:00:00]} Rb2 {[%emt 0:00:37]} 34. Kf2 {[%emt 0:00:00]} Bc3+ {[%emt 0:00:40]} 35. Kf3 {[%emt 0:00:07]} Rxb3 {[%emt 0:00:09]} 36. Kg4 {[%emt 0:00:27]} Ra3 {[%emt 0:01:02]} 37. Rf3+ {[%emt 0:01:09]} Kg7 {[%emt 0:02:26]} 38. Kf5 {[%emt 0:00:13]} Bb2 {[%emt 0:02:48]} 39. Rxa3 {[%emt 0:00:07]} Bxa3 {[%emt 0:00:03]} 40. Bf3 {[%emt 0:01:09]} Bb2 {[%emt 0:00:33]} 41. d5 {[%emt 0:00:37]} c5 {[%emt 0:00:25]} 42. g4 {[%emt 0:00:37]} Bc3 {[%emt 0:01:11]} 43. g5 {[%emt 0:00:08]} Be1 {[%emt 0:01:25]} 44. gxh6+ {[%emt 0:00:12]} Kxh6 {[%emt 0:00:22]} 45. Kf6 {[%emt 0:01:21]} Bxh4+ {[%emt 0:00:19]} 46. Kxf7 {[%emt 0:00:01]} Kg5 {[%emt 0:00:25]} 47. Ke6 {[%emt 0:00:07]} Bg3 {[%emt 0:00:07]} 48. Kd7 {[%emt 0:00:25]} Kf4 {[%emt 0:00:28]} 49. Bg2 {[%emt 0:00:25]} Ke3 {[%emt 0:00:41]} 50. Kc7 {[%emt 0:00:25]} Kd4 {[%emt 0:02:20]} 51. a5 {[%emt 0:01:59]} Be1 {[%emt 0:01:26]} 52. Kxb7 {[%emt 0:00:56]} Bxa5 {[%emt 0:00:04]} 53. Bf1 {[%emt 0:00:04]} Bb6 {[%emt 0:00:12]} 54. Kc6 {[%emt 0:00:48]} Ke5 {[%emt 0:01:22]} 55. Kb5 {[%emt 0:00:08]} Kd4 {[%emt 0:00:06]} 56. Be2 {[%emt 0:00:37]} Bd8 {[%emt 0:00:25]} 57. Ka6 {[%emt 0:00:13]} Ke3 {[%emt 0:00:19]} 58. Bf1 {[%emt 0:00:05]} Bb6 {[%emt 0:00:02]} 59. Kb5 {[%emt 0:00:09]} Kd2 {[%emt 0:00:54]} 60. Ka4 {[%emt 0:00:11]} Kc3 {[%emt 0:00:05]} 61. Be2 {[%emt 0:00:07]} a6 {[%emt 0:00:13]} 62. Bf1 {[%emt 0:00:09]} Bd8 {[%emt 0:00:06]} 63. Be2 {[%emt 0:00:12]} Kc2 {[%emt 0:00:34]} 64. Bf1 {[%emt 0:00:16]} Kb2 {[%emt 0:00:17]} 65. Be2 {[%emt 0:00:23]} Kc3 {[%emt 0:00:08]} 66. Bf1 {[%emt 0:00:05]} Kd2 {[%emt 0:00:34]} 67. Bh3 {[%emt 0:00:05]} Kd3 {[%emt 0:00:35]} 68. Bf1+ {[%emt 0:00:02]} Kc3 {[%emt 0:00:05]} 69. Be2 {[%emt 0:00:05]} Kd4 {[%emt 0:00:41]} 70. Bf1 {[%emt 0:00:11]} Ke3 {[%emt 0:00:15]} 71. Bh3 {[%emt 0:00:05]} Ke2 {[%emt 0:00:28]} 72. Bc8 {[%emt 0:00:41]} a5 {[%emt 0:00:03]} 73. Ba6 {[%emt 0:00:31]} Kd3 {[%emt 0:00:06]} 74. Bb5 {[%emt 0:00:06]} Kc3 {[%emt 0:00:09]} 75. Ba6 {[%emt 0:00:04]} Kb2 {[%emt 0:00:11]} 76. Bb5 {[%emt 0:00:03]} 1/2-1/2

[Event "Memorial Zita 2019"]
[Site "Prague"]
[Date "2019.06.28"]
[Round "8.1"]
[White "Netusil, Miloslav"]
[Black "Frolov, Artur"]
[Result "1-0"]
[WhiteElo "2189"]
[BlackElo "2453"]
[Annotator "ChessBase"]
[PlyCount "95"]
[EventDate "2019.06.23"]
[EventType "tourn"]
[EventCountry "CZE"]
[SourceTitle "playchess.com"]
[Source "ChessBase"]
[SourceQuality "1"]
[TimeControl "5400+30"]

1. e4 {[%emt 0:00:00]} c5 {[%emt 0:02:02]} 2. c3 {[%emt 0:00:00]} d5 {[%emt 0:00:04]} 3. exd5 {[%emt 0:00:00]} Qxd5 {[%emt 0:00:03]} 4. d4 {[%emt 0:00:00]} Nc6 {[%emt 0:00:05]} 5. Nf3 {[%emt 0:00:10]} Nf6 {[%emt 0:00:06]} 6. Be2 {[%emt 0:07:15]} cxd4 {[%emt 0:00:53]} 7. cxd4 {[%emt 0:00:07]} e6 {[%emt 0:00:02]} 8. O-O {[%emt 0:00:14]} Be7 {[%emt 0:00:03]} 9. Nc3 {[%emt 0:00:45]} Qd8 {[%emt 0:01:07]} 10. Re1 {[%emt 0:02:42]} O-O {[%emt 0:00:13]} 11. a3 {[%emt 0:01:53]} b6 {[%emt 0:00:33]} 12. Bc4 {[%emt 0:01:47]} Bb7 {[%emt 0:03:02]} 13. Ba2 {[%emt 0:01:06]} Rc8 {[%emt 0:01:13]} 14. Bg5 {[%emt 0:04:33]} Nd5 {[%emt 0:01:31]} 15. Bxd5 {[%emt 0:00:54]} Bxg5 {[%emt 0:00:30]} 16. Be4 {[%emt 0:00:14]} Bh6 {[%emt 0:16:59]} 17. d5 {[%emt 0:02:19]} exd5 {[%emt 0:05:29]} 18. Bxd5 {[%emt 0:00:08]} Rc7 {[%emt 0:09:24]} 19. Qa4 {[%emt 0:02:08]} a6 {[%emt 0:22:39]} 20. Rad1 {[%emt 0:00:37]} Qb8 {[%emt 0:00:03]} 21. Qh4 {[%emt 0:02:16]} Rd7 {[%emt 0:08:04]} 22. Be4 {[%emt 0:11:22]} Rxd1 {[%emt 0:07:33]} 23. Rxd1 {[%emt 0:00:20]} Rd8 {[%emt 0:13:43]} 24. Nd5 {[%emt 0:00:56]} f6 {[%emt 0:03:59]} 25. Re1 {[%emt 0:02:27]} Ne5 {[%emt 0:02:07]} 26. Nxe5 {[%emt 0:08:38]} Rxd5 {[%emt 0:00:40]} 27. Bxd5+ {[%emt 0:00:55]} Bxd5 {[%emt 0:00:01]} 28. Qd4 {[%emt 0:00:33]} Qa8 {[%emt 0:00:51]} 29. Rd1 {[%emt 0:00:29]} fxe5 {[%emt 0:00:04]} 30. Qxd5+ {[%emt 0:00:05]} Qxd5 {[%emt 0:00:02]} 31. Rxd5 {[%emt 0:00:10]} Bc1 {[%emt 0:00:02]} 32. Rd6 {[%emt 0:00:26]} Bxb2 {[%emt 0:00:28]} 33. Rxb6 {[%emt 0:01:27]} Bxa3 {[%emt 0:00:01]} 34. Rxa6 {[%emt 0:00:09]} Bc5 {[%emt 0:00:04]} 35. Rc6 {[%emt 0:00:19]} Bd4 {[%emt 0:00:19]} 36. Rc7 {[%emt 0:00:05]} h5 {[%emt 0:00:08]} 37. Kf1 {[%emt 0:00:30]} Kh7 {[%emt 0:00:05]} 38. Rc6 {[%emt 0:00:10]} g6 {[%emt 0:00:16]} 39. Ke2 {[%emt 0:00:13]} Kh6 {[%emt 0:00:04]} 40. h4 {[%emt 0:01:10]} Kg7 {[%emt 0:00:44]} 41. Kf3 {[%emt 0:01:04]} Kf7 {[%emt 0:01:27]} 42. Rc2 {[%emt 0:00:11]} Bb6 {[%emt 0:02:13]} 43. Ke4 {[%emt 0:01:25]} Bd8 {[%emt 0:00:01]} 44. g3 {[%emt 0:00:25]} Bf6 {[%emt 0:00:15]} 45. Rc6 {[%emt 0:00:34]} Bg7 {[%emt 0:02:24]} 46. Rc7+ {[%emt 0:03:32]} Kf6 {[%emt 0:00:01]} 47. Rxg7 {[%emt 0:00:10]} Kxg7 {[%emt 0:00:03]} 48. Kxe5 {[%emt 0:00:06]} 1-0

[Event "Memorial Zita 2019"]
[Site "Prague"]
[Date "2019.06.28"]
[Round "8.2"]
[White "Semenova, Elena"]
[Black "Vokoun, Jan"]
[Result "1-0"]
[WhiteElo "2255"]
[BlackElo "2072"]
[Annotator "TA"]
[PlyCount "69"]
[EventDate "2019.06.23"]
[EventType "tourn"]
[EventCountry "CZE"]
[SourceTitle "playchess.com"]
[Source "ChessBase"]
[SourceQuality "1"]

{[%evp 12,69,16,2,20,12,31,-8,-5,-12,4,0,13,0,0,0,0,0,27,29,58,35,27,37,50,16,166,160,162,170,541,103,95,107,92,108,90,11,35,0,0,0,36,0,29,33,97,110,104,106,97,92,175,63,101,91,152,145,455,445]} 1. e4 c5 2. Nf3 e6 3. d4 cxd4 4. Nxd4 Nf6 5. Nc3 d6 6. Bd3 a6 7. a4 Qc7 {B90: Sicilian Najdorf: Unusual White 6th moves, 6 Be3 Ng4 and 6 Be3 e5} (7... Be7 8. O-O b6 9. Qf3 Bb7 10. Qg3 O-O 11. Bh6 Ne8 12. Nf3 Nd7 13. Rad1 Qc7 14. Bg5 Bxg5 15. Qxg5 Nef6 16. Rfe1 Ne5 17. Nxe5 dxe5 18. Qe3 Rfd8 19. Bf1 h6 20. f3 Rac8 21. Rxd8+ Rxd8 22. Rd1 Rxd1 {½-½ (22) Rodriguez Vila,A (2480)-Mareco,S (2651) Montevideo 2019}) 8. f4 Nc6 9. Nf3 Be7 {The position is equal.} 10. Qe2 e5 $146 ({Predecessor:} 10... Nb4 11. O-O Nxd3 12. cxd3 e5 13. f5 h6 14. Be3 d5 15. Rac1 Qd8 {1-0 (27) Barrientos Chavarriaga,S (2474)-Morales,J (2262) Bogota 2009}) 11. O-O Bg4 12. Qf2 exf4 13. Bxf4 O-O 14. Kh1 Nb4 15. Nd4 Qc5 16. Rae1 Bd7 17. h3 Nh5 18. Bh2 Rad8 {[#]} (18... Bf6 $11 {and Black is okay.} 19. Nf3 Qxf2 20. Rxf2 Rfc8) 19. e5 $1 $18 Nxd3 20. cxd3 g6 $2 (20... Rde8 {is more resistant.} 21. Ne4 Qb4) 21. exd6 $2 (21. Ne4 $18 {and the rest is easy.}) 21... Bf6 $16 22. Nf3 Qxf2 23. Rxf2 Bg7 24. Ng5 (24. Re7 $16) 24... Rfe8 25. Rfe2 Rxe2 26. Rxe2 Bf8 27. Nce4 Bc6 28. Rf2 $36 {[%mdl 2048] White fights for an advantage.} Rd7 ({Black should try} 28... f5 $14 29. Ne6 Re8) 29. Nc5 Rxd6 30. Bxd6 ({Stronger than} 30. Rxf7 Rd5 $15) 30... Bxd6 31. Nce4 Be5 (31... Ng3+ $16 32. Nxg3 Bxg3) 32. Nf3 ({Resist} 32. Nxf7 Bd4 $16) (32. Rxf7 $18 Bxe4 33. Re7 (33. dxe4 Ng3+ 34. Kg1 Bf4 $16) 33... Ng3+ 34. Kh2) 32... Bc7 33. Rc2 f5 (33... Bb6 $142) 34. Nc5 Nf4 $2 {[%mdl 8192] [#]} (34... Kf7 $16 {is a better chance.} 35. d4 Ng3+ 36. Kh2 Ne4+ 37. Ne5+ Bxe5+ 38. dxe5 Nxc5 39. Rxc5 Ke6) 35. Nxb7 $1 {[%mdl 512] Accuracy: White = 35%, Black = 28%.} 1-0

[Event "Memorial Zita 2019"]
[Site "Prague"]
[Date "2019.06.28"]
[Round "8.3"]
[White "Pribylova, Sofie"]
[Black "Novy, Filip"]
[Result "0-1"]
[WhiteElo "2069"]
[BlackElo "2170"]
[Annotator "NA"]
[PlyCount "108"]
[EventDate "2019.06.23"]
[EventType "tourn"]
[EventCountry "CZE"]
[SourceTitle "playchess.com"]
[Source "ChessBase"]
[SourceQuality "1"]
[TimeControl "5400+30"]

1. e4 {[%emt 0:00:00]} c5 {[%emt 0:17:57]} 2. Nf3 {[%emt 0:00:00]} d6 {[%emt 0:00:04]} 3. d4 {[%emt 0:00:07]} cxd4 {[%emt 0:00:04]} 4. Nxd4 {[%emt 0:00:06]} Nf6 {[%emt 0:00:04]} 5. Nc3 {[%emt 0:00:08]} g6 {[%emt 0:00:05]} 6. Be3 {[%emt 0:00:35]} Bg7 {[%emt 0:00:07]} 7. f3 {[%emt 0:00:37]} O-O {[%emt 0:00:18]} 8. Qd2 {[%emt 0:00:32]} Nc6 {[%emt 0:00:04]} 9. O-O-O {[%emt 0:01:06]} d5 {[%emt 0:00:13]} 10. Nxc6 {[%emt 0:05:51]} bxc6 {[%emt 0:00:05]} 11. exd5 {[%emt 0:00:05]} cxd5 {[%emt 0:00:28]} 12. Nxd5 {[%emt 0:00:55]} Nxd5 {[%emt 0:00:05]} 13. Qxd5 {[%emt 0:00:02]} Qc7 {[%emt 0:00:20]} 14. Qc5 {[%emt 0:00:03]} Qb7 {[%emt 0:00:26]} 15. Qb5 {[%emt 0:02:56]} Qxb5 {[%emt 0:00:21]} 16. Bxb5 {[%emt 0:00:04]} Rb8 {[%emt 0:00:25]} 17. a4 {[%emt 0:15:16]} a6 {[%emt 0:00:53]} 18. Bc4 {[%emt 0:00:48]} Bxb2+ {[%emt 0:00:44]} 19. Kd2 {[%emt 0:00:07]} Rb4 {[%emt 0:00:19]} 20. Bb3 {[%emt 0:00:55]} Be6 {[%emt 0:00:29]} 21. Bc5 {[%emt 0:01:11]} Rb7 {[%emt 0:00:33]} 22. Bxe6 {[%emt 0:01:16]} fxe6 {[%emt 0:00:06]} 23. c3 {[%emt 0:10:30]} Rc8 {[%emt 0:00:21]} 24. Bb4 {[%emt 0:03:41]} Rbc7 {[%emt 0:00:18]} 25. Rhe1 {[%emt 0:00:41]} Bxc3+ {[%emt 0:00:42]} 26. Bxc3 {[%emt 0:00:05]} Rxc3 {[%emt 0:00:02]} 27. Rxe6 {[%emt 0:00:46]} Kf7 {[%emt 0:01:19]} 28. Rde1 {[%emt 0:03:29]} Rc2+ {[%emt 0:01:13]} 29. Kd3 {[%emt 0:00:34]} R8c3+ {[%emt 0:00:33]} 30. Kd4 {[%emt 0:00:12]} Rc7 {[%emt 0:00:04]} 31. Rxa6 {[%emt 0:04:39]} Rxg2 {[%emt 0:00:20]} 32. h4 {[%emt 0:05:31]} Rd2+ {[%emt 0:03:34]} 33. Ke3 {[%emt 0:00:42]} Rh2 {[%emt 0:00:20]} 34. a5 {[%emt 0:00:51]} Rxh4 {[%emt 0:03:30]} 35. Ra1 {[%emt 0:00:03]} Rc3+ {[%emt 0:03:46]} 36. Kf2 {[%emt 0:02:14]} Rf4 {[%emt 0:01:42]} 37. Ra8 {[%emt 0:00:44]} Rfxf3+ {[%emt 0:00:30]} 38. Kg2 {[%emt 0:00:13]} h5 {[%emt 0:01:02]} 39. a6 {[%emt 0:00:13]} Rg3+ {[%emt 0:12:31]} 40. Kh2 {[%emt 0:01:01]} Rh3+ {[%emt 0:00:44]} 41. Kg2 {[%emt 0:00:15]} Rcg3+ {[%emt 0:00:38]} 42. Kf2 {[%emt 0:00:18]} h4 {[%emt 0:00:17]} 43. Rf1 {[%emt 0:02:53]} Rf3+ {[%emt 0:04:12]} 44. Ke2 {[%emt 0:00:11]} Rxf1 {[%emt 0:00:06]} 45. Kxf1 {[%emt 0:00:03]} Ra3 {[%emt 0:00:11]} 46. Kg2 {[%emt 0:00:11]} g5 {[%emt 0:00:17]} 47. a7 {[%emt 0:00:18]} g4 {[%emt 0:00:43]} 48. Rh8 {[%emt 0:01:58]} h3+ {[%emt 0:00:18]} 49. Kh2 {[%emt 0:00:04]} Rxa7 {[%emt 0:00:07]} 50. Kg3 {[%emt 0:00:16]} Ra4 {[%emt 0:00:22]} 51. Rh5 {[%emt 0:00:48]} Kg6 {[%emt 0:00:20]} 52. Re5 {[%emt 0:00:29]} Kf6 {[%emt 0:00:06]} 53. Rh5 {[%emt 0:00:16]} e5 {[%emt 0:00:21]} 54. Rh8 {[%emt 0:00:58]} Rf4 {[%emt 0:00:07]} 0-1